000 00955cam a2200241 a 4500
001 g 01000693
003 DLC
005 20260227111252.0
008 810304s1683 gw b 000 0 ger
010 _ag 01000693
040 _aDLC
_cCarP
_dDLC
_edcrb
050 0 0 _aZ7059
_b.B499
051 _aZ7059
_b.B49
100 1 _aMüller, Andreas,
_d1630-1694.
245 1 0 _aAnderer Theil des Catalogi der sinesischen Bücher bey der churfürstl. brandenburgischen Bibliothec zu Cölln an der Spree anno 1683 ... /
_cvon Andrea Müllero Greiffenhagio ... auffgesetzt.
260 _aCölln an der Spree :
_bDruckts Georg Schultze ...,
_c[1683?]
300 _a[2], XII leaves ;
_c33 cm. (fol.)
500 _aSignatures: [1]² [2]⁸ [3]⁴.
500 _aLC has Smithsonian deposit copy.
_5DLC
650 0 _aChinese literature
_vBibliography.
710 2 _aKönigliche Bibliothek zu Berlin.
710 2 _aPre-1801 Imprint Collection (Library of Congress)
_5DLC
999 _c23539
_d23539